000 00655cam a2200217 4500
001 E10579
008 000000n2002 000 0 eng u
035 _a(Sirsi) u117313
041 _aeng
050 _a333.33
110 _aInsignia Richard Ellis
_93847
245 _aOffice market bulletin: Glasgow - Winter 2001/2002
260 _aLondon
_bInsignia Richard Ellis Research
_c2002
300 _a1pt.. ; 30cm.
650 _aGLASGOW
650 _aPROPERTY-COMMERCIAL PROPERTY-OFFICE PROPERTY-OFFICE PROPERTY MARKET
650 _aOFFICES
650 _aSCOTLAND
690 _aPROPERTY-COMMERCIAL PROPERTY-COMMERCIAL PROPERTY MARKET
942 _n0
999 _c101971
_d101971